000 00682nam a2200241 i 4500
001 C2-0246333
003 PPAK
005 20180727211121.0
008 030323s2002 at a|||| ||||| | eng d
020 _a1740591909
040 _aPPAK
_beng
_cPPAK
_erda
082 0 4 _a915.91045
_223
090 0 0 _a915.91045
_bMYA
_dR
245 0 0 _aMyanmar (Burma)
264 1 _aMelbourne :
_bLonely Planet Publications ,
_c2002
300 _a448 pages :
_bcolour illustrations ;
_c19 cm
336 _2rdacontent
_atext
337 _2rdamedia
_aunmediated
338 _2rdacarrier
_avolume
650 1 0 _aBurma - Guidebooks ; Burma - Description and travel
700 _eauthor
942 _ddc
_cB
999 _c60284
_d60284